Paddy farmers, irrigationa nd agricultural services in Malaysia

Bibliographic Details
Main Author: Kalshoven, G.
Other Authors: Daane, J. R. V., Fredericks, L. J., Ommeren, F. van den Steen van, Tilburg, A. van
Format: Book
Published: Netherlands : Agricultural University Wageningen , 1984
Subjects:

MARC

LEADER 00000cam a2200000 7i4500
001 0000012715
005 20050418.0
020 |a 9067540552 
040 |a INS 
090 0 0 |a S471.M42 K3   |b P132 1984 
100 1 |a Kalshoven, G. 
245 1 0 |a Paddy farmers, irrigationa nd agricultural services in Malaysia   |c G. Kalshoven 
260 |a Netherlands :   |b Agricultural University Wageningen ,   |c 1984 
300 |a 1 :   |b 203p ;   |c 24cm. 
650 0 0 |a Rice- Malaysia   |x Agriculture-Malaysia 
700 1 |a Daane, J. R. V. 
700 1 |a Fredericks, L. J. 
700 1 |a Ommeren, F. van den Steen van 
700 1 |a Tilburg, A. van 
999 |a 0000000715   |b BOOK   |c Open Shelf   |e Default branch